| 000 | 00561nam a22001937a 4500 | ||
|---|---|---|---|
| 003 | OSt | ||
| 005 | 20241118194955.0 | ||
| 008 | 241118b |||||||| |||| 00| 0 eng d | ||
| 020 | _a0340801344 | ||
| 040 |
_aDDC _cMUST |
||
| 082 | _a649.1 MIT 2001 | ||
| 100 |
_aMitchell Alison _913632 |
||
| 245 |
_a A Foundation Course in Child Care and Education/ _cMitchell Alison |
||
| 260 |
_aJ&L Composition Ltd: _bNorth Yorkshire, _c2001. |
||
| 300 |
_av,186p.: _bCol, ill., _c27.6cm. |
||
| 504 | _aIncludes Indexes | ||
| 650 |
_aEducation _91404 |
||
| 942 |
_2ddc _cO_SHELF |
||
| 999 |
_c9480 _d9480 |
||